000
00260nas a2200109 4500
005
20241231090239.0
008
210920b ||||| |||| 00| 0 eng d
040
_c
245
_a
Tushara
260
_a
T Satish U Pai, Manipala
_b
Dec 2020
942
_2
ddc
_c
PR
_s
1
999
_c
216295
_d
216295